00317 a2200133 450000100060000002000180000604000240002410000240004824000350007224500300010730000060013736200090014365000310015246475 a9788578480646 cAnchieta - Aquarius aVillas Boas, Marion10aO menino que queria saberlpor10aO menino que queria saber a 0 a2011 4aLiteratura infanto-juvenil